Sort the Teams by Location: Ohio Quiz Stats

 Plays Quiz Updated Apr 20, 2019

Score 0/6 Timer 00:30
0 Plays Today
Question Answer Wrong Answers
Cavaliers Cleveland
97.8%
Cincinnati
0.8%
Columbus
0.8%
Bengals Cincinnati
96.9%
Cleveland
1.2%
Columbus
1.2%
Browns Cleveland
96.7%
Cincinnati
1.6%
Columbus
1%
Reds Cincinnati
95.4%
Cleveland
1.9%
Columbus
2%
Indians Cleveland
93.9%
Cincinnati
3%
Columbus
2.6%
Blue Jackets Columbus
93.2%
Cincinnati
4.5%
Cleveland
1.5%

You're not logged in!

Compare scores with friends on all Sporcle quizzes.
OR
Log In

Sporcle TV

Today on Sporcle TV


Watch our educational content, quiz creation guides, and fun videos on Sporcle TV.

Show Comments

Extras

Top Quizzes Today


Score Distribution

Your Account Isn't Verified!

In order to create a playlist on Sporcle, you need to verify the email address you used during registration. Go to your Sporcle Settings to finish the process.

Report this User

Report this user for behavior that violates our Community Guidelines.

Details: